| 000 | 01026nam a22002537a 4500 | ||
|---|---|---|---|
| 001 | 48082 | ||
| 003 | BD-RjUL | ||
| 005 | 20211209054445.0 | ||
| 008 | 160811s2003 ii ||||| b||| 00| 0 ben d | ||
| 020 |
_a8185471169 _c : TK 250.00 |
||
| 035 | _a(BD-RjUL)48201 | ||
| 040 |
_aBD-RjUL _bben _cBD-RjUL |
||
| 041 | _aben | ||
| 082 |
_223 _a891.44109 _bCHG 2003 |
||
| 100 | 1 |
_aচক্রবর্তী, বরুণকুমার _9145760 |
|
| 245 | 1 | 0 |
_aগীতিকা : স্বরূপ ও বৈশিষ্ট্য / _cবরুণকুমার চক্রবর্তী |
| 250 | _a২য় সং. | ||
| 260 |
_aকলকাতা : _bপুস্তক বিপণি, _c২০০৩. |
||
| 300 |
_a৫৩৩ পৃ. ; _c২০ সেমি. _b |
||
| 504 | _aসংযুক্ত গ্রন্থপুঞ্জি | ||
| 650 |
_aবাংলা কবিতা _vইতিহাস ও সমালোচনা _9145761 |
||
| 650 |
_aBengali Poetry _vHistory and criticism _9145762 |
||
| 942 |
_2ddc _cBK |
||
| 999 |
_c48082 _d48082 |
||